| 000 | 01117cam a2200229Ma 4500 | ||
|---|---|---|---|
| 001 | williemaysmylife00mays | ||
| 003 | CaSfIA | ||
| 005 | 20210119122826.0 | ||
| 007 | cr|||| | ||
| 008 | 990817s1966 xxua 000 0 eng d | ||
| 040 |
_aDIBAM _bspa _cDIBAM _dOCLCQ _dCaSfIA |
||
| 035 | _a(OCoLC)55322568 | ||
| 100 | 1 |
_aMays, Willie, _d1931- |
|
| 245 | 1 | 0 |
_aWillie Mays : _h[electronic resource] _bmy life in and out of baseball, as told to Charles Einstein / _cWillie Mays. |
| 260 |
_aNew York : _bE.P. Dutton, _c1966. |
||
| 300 |
_a320 p. : _bil. ; _c21 cm. |
||
| 856 | 4 | 1 |
_uhttp://www.archive.org/details/williemaysmylife00mays _zFree eBook from the Internet Archive |
| 856 | 4 | 2 |
_uhttp://www.openlibrary.org/books/OL24224084M _zAdditional information and access via Open Library |
| 942 | _cEB | ||
| 506 | _fНеобхідна авторизація на https://archive.org/ (створення облікового запису безкоштовно) | ||
| 506 | _fНеобхідна авторизація на https://openlibrary.org/ (створення облікового запису безкоштовно) | ||
| 999 |
_c566286 _d566286 |
||